[Event "Skopje MKD"]
[Site "Skopje MKD"]
[Date "2014.04.01"]
[Round "5.45"]
[White "Arsovic, Goran"]
[Black "Nakhbayeva, Guliskhan"]
[Result "0-1"]
[WhiteElo "2434"]
[BlackElo "2293"]
[PlyCount "62"]
[EventDate "2014.03.29"]
[EventType "swiss"]
[EventRounds "9"]

1. d4 Nf6 2. Nf3 e6 3. c4 b6 4. a3 Bb7 5. Nc3 d5 6. Bg5 Be7 7. Bxf6 Bxf6 8.
cxd5 exd5 9. Qa4+ c6 10. g3 O-O 11. Bg2 Nd7 12. O-O Re8 13. Rfd1 Qe7 14. e3 a6
15. Rac1 Rac8 16. Bh3 Rcd8 17. Qb3 b5 18. Na2 c5 19. dxc5 Nxc5 20. Qb4 d4 21.
Qxc5 Qxc5 22. Rxc5 Bxf3 23. Rd2 dxe3 24. Rxd8 Rxd8 25. fxe3 Bxb2 26. a4 bxa4
27. Ra5 a3 28. Rxa6 g6 29. Bf1 Rd1 30. Kf2 Bd5 31. Rd6 Rxf1+ 0-1

[Event "Skopje MKD"]
[Site "Skopje MKD"]
[Date "2014.04.01"]
[Round "5.46"]
[White "Jacimovic, Dragoljub"]
[Black "Dragicevic, Drazen"]
[Result "1-0"]
[WhiteElo "2422"]
[BlackElo "2293"]
[PlyCount "75"]
[EventDate "2014.03.29"]
[EventType "swiss"]
[EventRounds "9"]

1. d4 Nf6 2. c4 g6 3. Nc3 d5 4. e3 Bg7 5. Qb3 dxc4 6. Bxc4 O-O 7. Nf3 Nc6 8.
Be2 a6 9. O-O b5 10. Rd1 e6 11. Bd2 Qe7 12. Rac1 Bb7 13. Na4 Ne4 14. Nc5 Nxd2
15. Nxd2 Nd8 16. Nxb7 Nxb7 17. Bf3 Rab8 18. Qc2 Rfc8 19. Bxb7 Rxb7 20. Qc6 Ra7
21. Rc2 Qe8 22. Qc5 Raa8 23. Ne4 e5 24. d5 Qd7 25. Qc6 Qxc6 26. Rxc6 f5 27. Nc5
e4 28. b3 Be5 29. Ne6 Kf7 30. Rdc1 Ke7 31. g4 Ra7 32. Kg2 Bd6 33. h3 h6 34. Kf1
b4 35. Ke2 a5 36. gxf5 gxf5 37. Nd4 Rf8 38. Rxd6 1-0

[Event "Skopje MKD"]
[Site "Skopje MKD"]
[Date "2014.04.01"]
[Round "5.47"]
[White "Vatter, Hans Joachim"]
[Black "Stanojoski, Zvonko"]
[Result "0-1"]
[WhiteElo "2275"]
[BlackElo "2415"]
[PlyCount "66"]
[EventDate "2014.03.29"]
[EventType "swiss"]
[EventRounds "9"]

1. e4 c5 2. Nf3 d6 3. d4 cxd4 4. Nxd4 Nf6 5. Nc3 Nc6 6. Bg5 Bd7 7. Qd2 Rc8 8.
O-O-O Nxd4 9. Qxd4 Qa5 10. f4 Rxc3 11. bxc3 e5 12. Qd3 Ng4 13. Qg3 f6 14. Be2
h5 15. h3 h4 16. Qf3 fxg5 17. fxg5 Qa3+ 18. Kd2 Be7 19. hxg4 Bxg5+ 20. Ke1 Ke7
21. Rf1 Bf4 22. Qd3 g5 23. Rf3 Rf8 24. Rb1 Bc6 25. Qc4 Rc8 26. Rd3 b5 27. Rxb5
Qc1+ 28. Bd1 Bg3+ 29. Ke2 Qf4 30. Rf3 Bxb5 31. Qxb5 Qxe4+ 32. Re3 Qxg2+ 33. Kd3
Rc5 0-1

[Event "Skopje MKD"]
[Site "Skopje MKD"]
[Date "2014.04.01"]
[Round "5.48"]
[White "Karavade, Eesha"]
[Black "Bojovic, Dusan"]
[Result "1/2-1/2"]
[WhiteElo "2408"]
[BlackElo "2284"]
[PlyCount "89"]
[EventDate "2014.03.29"]
[EventType "swiss"]
[EventRounds "9"]

1. d4 Nf6 2. Nf3 g6 3. c4 Bg7 4. Nc3 d6 5. e4 O-O 6. Be2 e5 7. dxe5 dxe5 8.
Qxd8 Rxd8 9. Bg5 Re8 10. Nd5 Nxd5 11. cxd5 h6 12. Be3 c6 13. Bc4 b5 14. Bb3 Bb7
15. Rc1 Rc8 16. O-O Na6 17. dxc6 Bxc6 18. Nd2 Nb4 19. Rc3 Bd7 20. Rxc8+ Rxc8
21. Bxa7 Nd3 22. Rb1 Nc1 23. Bd5 Rc2 24. Nb3 Ne2+ 25. Kh1 Nf4 26. Be3 Be6 27.
Bxe6 Nxe6 28. Na1 Rc4 29. f3 f5 30. exf5 gxf5 31. Rc1 Ra4 32. a3 e4 33. fxe4
Rxe4 34. Nc2 f4 35. Bd2 Bxb2 36. Re1 Rxe1+ 37. Bxe1 Kf7 38. Kg1 Nd4 39. Nxd4
Bxd4+ 40. Kf1 Bc5 41. Bd2 Bxa3 42. Bxf4 Bf8 43. Ke2 Ke6 44. g4 Kd5 45. Kd3
1/2-1/2

[Event "Skopje MKD"]
[Site "Skopje MKD"]
[Date "2014.04.01"]
[Round "5.49"]
[White "Zlatanovic, Boroljub"]
[Black "Papadimitriou, Athanasios"]
[Result "1/2-1/2"]
[WhiteElo "2398"]
[BlackElo "2261"]
[PlyCount "102"]
[EventDate "2014.03.29"]
[EventType "swiss"]
[EventRounds "9"]

1. Nc3 d5 2. e4 dxe4 3. Nxe4 Nf6 4. Nxf6+ exf6 5. Bc4 Bd6 6. Qe2+ Qe7 7. Qxe7+
Kxe7 8. d4 Be6 9. Bd3 c5 10. Ne2 Nc6 11. c3 cxd4 12. Nxd4 Nxd4 13. cxd4 Rhd8
14. Be3 Bc7 15. Ke2 Bb6 16. Rhc1 Bxd4 17. Rc7+ Kf8 18. Rxb7 Bd5 19. Rb4 Bxe3
20. Kxe3 Rab8 21. Rxb8 Rxb8 22. b3 Bxg2 23. Rc1 Rb7 24. Rc8+ Ke7 25. Bc4 g6 26.
a4 Bh3 27. Ra8 Be6 28. Kd4 Rd7+ 29. Kc5 Rc7+ 30. Kb5 Bxc4+ 31. bxc4 Rb7+ 32.
Kc5 Rc7+ 33. Kd5 Rd7+ 34. Kc6 Rd6+ 35. Kb7 Rd7+ 36. Kc6 Rd6+ 37. Kb5 Rb6+ 38.
Kc5 Ra6 39. Kb4 Rb6+ 40. Ka5 Rb7 41. Ka6 Rb6+ 42. Kxa7 Rc6 43. a5 Rxc4 44. a6
Rf4 45. Rb8 Rxf2 46. Rb7+ Kf8 47. Kb6 Rb2+ 48. Kc7 Rc2+ 49. Kb6 Rb2+ 50. Kc7
Rc2+ 51. Kb6 Rb2+ 1/2-1/2

[Event "Skopje MKD"]
[Site "Skopje MKD"]
[Date "2014.04.01"]
[Round "5.50"]
[White "Kojovic, Dragan"]
[Black "Veleski, Robert"]
[Result "1-0"]
[WhiteElo "2387"]
[BlackElo "2248"]
[PlyCount "51"]
[EventDate "2014.03.29"]
[EventType "swiss"]
[EventRounds "9"]

1. e4 c5 2. Nf3 e6 3. d4 cxd4 4. Nxd4 a6 5. Bd3 Qc7 6. O-O Nc6 7. Be3 Nf6 8.
Nxc6 dxc6 9. Nd2 Be7 10. a4 a5 11. Nc4 Nd7 12. Qg4 g6 13. e5 O-O 14. Qg3 b5 15.
axb5 cxb5 16. Nd6 Bxd6 17. exd6 Qc6 18. Bg5 Bb7 19. Be7 Rfc8 20. Rfe1 Nc5 21.
h4 Re8 22. h5 Nxd3 23. cxd3 Qd7 24. Qg5 Ra6 25. h6 Qc6 26. Re4 1-0

[Event "Skopje MKD"]
[Site "Skopje MKD"]
[Date "2014.04.01"]
[Round "5.51"]
[White "Demircioglu, Emre"]
[Black "Milenkovic, Mladen"]
[Result "1-0"]
[WhiteElo "2152"]
[BlackElo "2373"]
[PlyCount "107"]
[EventDate "2014.03.29"]
[EventType "swiss"]
[EventRounds "9"]

1. d4 Nf6 2. c4 e6 3. Nf3 c5 4. e3 cxd4 5. exd4 d5 6. Nc3 Nc6 7. Bd3 Nb4 8. Be2
dxc4 9. Bxc4 Be7 10. O-O O-O 11. Ne5 a6 12. a3 Nbd5 13. Qf3 Nxc3 14. bxc3 Qc7
15. Bf4 Bd6 16. Bd3 Nd5 17. Qh3 f5 18. Bd2 Bxe5 19. dxe5 Qxe5 20. Rfe1 Qc7 21.
Qf3 Bd7 22. c4 Nf6 23. Bf4 Qc6 24. Qxc6 Bxc6 25. Rxe6 g6 26. Bd6 Rf7 27. f3 Ne8
28. Bb4 Rd7 29. Bc2 Nc7 30. Re5 Re8 31. Rae1 Rxe5 32. Rxe5 b5 33. Rc5 Bb7 34.
cxb5 Nxb5 35. Bb3+ Kg7 36. a4 Nd4 37. Bc3 Kh6 38. Bc4 Kg5 39. Kf2 h5 40. Bg8
Kh6 41. h4 Nc6 42. Be6 Rd6 43. Bd5 g5 44. hxg5+ Kxg5 45. Be4 Nd8 46. Rxf5+ Kh6
47. Bc2 Bc6 48. Rf8 Bd5 49. Rh8+ Kg5 50. Be5 Rd7 51. f4+ Kg4 52. Bd1+ Kf5 53.
Rxh5+ Ke4 54. Bc2# 1-0

[Event "Skopje MKD"]
[Site "Skopje MKD"]
[Date "2014.04.01"]
[Round "5.52"]
[White "Radovanovic, Jovica"]
[Black "Petrov, Georgi"]
[Result "1/2-1/2"]
[WhiteElo "2372"]
[BlackElo "2210"]
[PlyCount "55"]
[EventDate "2014.03.29"]
[EventType "swiss"]
[EventRounds "9"]

1. d4 Nf6 2. Nf3 d5 3. c4 e6 4. Nc3 c6 5. Bg5 Be7 6. e3 Qa5 7. Rc1 O-O 8. Bd3
h6 9. Bh4 dxc4 10. Bxc4 b5 11. Bd3 Nbd7 12. O-O Bb7 13. a3 Rad8 14. Qe2 b4 15.
axb4 Qxb4 16. Ne4 a5 17. Rc4 Qb6 18. Rfc1 Ba6 19. Bxf6 Nxf6 20. Nxf6+ Bxf6 21.
R4c2 Bxd3 22. Qxd3 c5 23. dxc5 Rxd3 24. cxb6 Rb3 25. Rc8 Rxc8 26. Rxc8+ Kh7 27.
Ra8 Rxb2 28. g3 1/2-1/2

[Event "Skopje MKD"]
[Site "Skopje MKD"]
[Date "2014.04.01"]
[Round "5.53"]
[White "Draskovic, Luka"]
[Black "Blagojevic, Tijana"]
[Result "1/2-1/2"]
[WhiteElo "2360"]
[BlackElo "2028"]
[PlyCount "53"]
[EventDate "2014.03.29"]
[EventType "swiss"]
[EventRounds "9"]

1. e4 e5 2. Nf3 Nc6 3. d4 exd4 4. Nxd4 Nf6 5. Nc3 Nxe4 6. Nxe4 Qe7 7. f3 d5 8.
Nxc6 bxc6 9. Qe2 dxe4 10. Qxe4 Qxe4+ 11. fxe4 Be6 12. Be3 a5 13. a3 Bd6 14.
O-O-O f6 15. Be2 Kf7 16. Bh5+ Ke7 17. Bf3 g5 18. h3 h5 19. Be2 Bf7 20. Rhf1 Bg6
21. Bd3 Be5 22. Bc5+ Ke8 23. c3 h4 24. Bd4 Ke7 25. Bc5+ Ke8 26. Bd4 Ke7 27.
Bc5+ 1/2-1/2

[Event "Skopje MKD"]
[Site "Skopje MKD"]
[Date "2014.04.01"]
[Round "5.54"]
[White "Zugaj, Fjodor"]
[Black "Zupe, Miran"]
[Result "1/2-1/2"]
[WhiteElo "2194"]
[BlackElo "2278"]
[PlyCount "24"]
[EventDate "2014.03.29"]
[EventType "swiss"]
[EventRounds "9"]

1. e4 e5 2. Nf3 Nc6 3. Bb5 a6 4. Ba4 Nf6 5. O-O Be7 6. Re1 b5 7. Bb3 O-O 8. h3
d6 9. c3 Re8 10. Ng5 Rf8 11. Nf3 Re8 12. Ng5 Rf8 1/2-1/2

[Event "Skopje MKD"]
[Site "Skopje MKD"]
[Date "2014.04.01"]
[Round "5.55"]
[White "Oltian, Vata"]
[Black "Todorovic, Goran M"]
[Result "1-0"]
[WhiteElo "2022"]
[BlackElo "2476"]
[PlyCount "52"]
[EventDate "2014.03.29"]
[EventType "swiss"]
[EventRounds "9"]

1. e4 c5 2. Nf3 d6 3. Bb5+ Nc6 4. Bxc6+ bxc6 5. O-O Bg4 6. c3 Nf6 7. Re1 e6 8.
d4 cxd4 9. cxd4 Be7 10. Nc3 O-O 11. Bg5 Rb8 12. Rb1 h6 13. Bh4 d5 14. h3 Bh5
15. g4 Nxg4 16. hxg4 Bxg4 17. Bxe7 Qxe7 18. Qd3 Bxf3 19. Qxf3 Rb4 20. Red1 Qh4
21. a3 Rb3 22. Rd3 f5 23. exf5 exf5 24. Qe2 f4 25. Qd2 Qf6 26. Nd1 Rbb8 1-0

[Event "Skopje MKD"]
[Site "Skopje MKD"]
[Date "2014.04.01"]
[Round "5.56"]
[White "Gjorshev, Ljupcho"]
[Black "Arnaudov, Petar G"]
[Result "0-1"]
[WhiteElo "2125"]
[BlackElo "2459"]
[PlyCount "86"]
[EventDate "2014.03.29"]
[EventType "swiss"]
[EventRounds "9"]

1. e4 e5 2. Nf3 Nc6 3. Bc4 Bc5 4. d3 Nf6 5. Nc3 h6 6. a3 d6 7. Be3 Bb6 8. Qd2
Bg4 9. Ng1 Ne7 10. f3 Be6 11. Bxb6 axb6 12. Nge2 O-O 13. O-O d5 14. exd5 Nexd5
15. Nxd5 Nxd5 16. Bxd5 Qxd5 17. Qc3 c5 18. Rae1 g5 19. Kh1 f6 20. Ra1 Kh7 21.
Rad1 Bd7 22. Qd2 Bc6 23. Qe3 f5 24. Rde1 Rae8 25. Nc3 Qd6 26. a4 Qd4 27. h3 Rf7
28. Re2 Rfe7 29. Rfe1 Qb4 30. Qc1 Kg6 31. Kh2 h5 32. Kg1 Bxa4 33. Nxa4 Qxa4 34.
c4 Qd7 35. Qc2 Qd4+ 36. Kh1 Rd8 37. Qb3 Rd6 38. Qa3 Qxd3 39. Qa7 Qxc4 40. Qb8
Qd5 41. Qf8 Qf7 42. Qb8 Qf6 43. Qg8+ Kh6 0-1

[Event "Skopje MKD"]
[Site "Skopje MKD"]
[Date "2014.04.01"]
[Round "5.57"]
[White "Kollari, Suleyman"]
[Black "Dimitrov, Radoslav"]
[Result "0-1"]
[WhiteElo "2104"]
[BlackElo "2459"]
[PlyCount "82"]
[EventDate "2014.03.29"]
[EventType "swiss"]
[EventRounds "9"]

1. e4 Nf6 2. e5 Nd5 3. d4 d6 4. exd6 exd6 5. Bd3 Be7 6. c4 Nb4 7. h3 d5 8. a3
dxc4 9. Bxc4 Qxd4 10. Qe2 Be6 11. Bxe6 Nd3+ 12. Kf1 Nxc1 13. Qd2 Qxd2 14. Nxd2
fxe6 15. Rxc1 Nc6 16. Ngf3 O-O-O 17. Ke2 Bf6 18. Rc2 Rd5 19. Ne4 Rb5 20. Nxf6
gxf6 21. Rd1 Rd8 22. Rcd2 Rxd2+ 23. Rxd2 e5 24. Ke3 f5 25. g4 Rb3+ 26. Ke2 f4
27. h4 e4 28. Ng5 e3 29. fxe3 Rxe3+ 30. Kf2 Ne5 31. Nxh7 Nxg4+ 32. Kf1 f3 33.
Ng5 f2 34. Rd1 Re8 35. Rc1 Rf8 36. Rxc7+ Kb8 37. Rf7 Rc8 38. Rf4 Rc1+ 39. Kg2
f1=Q+ 40. Rxf1 Ne3+ 41. Kf2 Nxf1 0-1

[Event "Skopje MKD"]
[Site "Skopje MKD"]
[Date "2014.04.01"]
[Round "5.58"]
[White "Bejatovic, Bojana"]
[Black "Cawdery, Daniel"]
[Result "0-1"]
[WhiteElo "2016"]
[BlackElo "2362"]
[PlyCount "110"]
[EventDate "2014.03.29"]
[EventType "swiss"]
[EventRounds "9"]

1. d4 Nf6 2. Nf3 g6 3. e3 Bg7 4. Bd3 O-O 5. O-O d6 6. Nbd2 c5 7. c3 Nc6 8. Qe2
cxd4 9. exd4 e5 10. dxe5 dxe5 11. Ne4 Nd5 12. Bc4 Nb6 13. Bg5 Qc7 14. Nf6+ Kh8
15. Bb3 Bf5 16. Nd5 Nxd5 17. Bxd5 f6 18. Be3 Rad8 19. Rad1 Ne7 20. Bb3 b6 21.
Rxd8 Rxd8 22. Rd1 Rxd1+ 23. Qxd1 Be4 24. Nd2 Bb7 25. f3 f5 26. Nc4 Nd5 27. Bf2
Qe7 28. Na5 Nxc3 29. bxc3 bxa5 30. Bxa7 Bxf3 31. gxf3 Qxa7+ 32. Kg2 Qa8 33. c4
e4 34. c5 exf3+ 35. Qxf3 Qxf3+ 36. Kxf3 Bd4 37. c6 Bb6 38. h3 Kg7 39. Kf4 Kf6
40. Bg8 h6 41. Bc4 g5+ 42. Kg3 h5 43. Be2 g4 44. Kh4 Kg6 45. Kg3 Bc7+ 46. Kh4
Bd8+ 47. Kg3 Kg5 48. h4+ Kf6 49. Bc4 Bc7+ 50. Kg2 f4 51. Bd3 f3+ 52. Kf2 Ke5
53. Bg6 Kf4 54. Bxh5 g3+ 55. Kf1 g2+ 0-1

[Event "Skopje MKD"]
[Site "Skopje MKD"]
[Date "2014.04.01"]
[Round "5.59"]
[White "Markovski, Velo"]
[Black "Nikolov, Sasho"]
[Result "0-1"]
[WhiteElo "2017"]
[BlackElo "2358"]
[PlyCount "70"]
[EventDate "2014.03.29"]
[EventType "swiss"]
[EventRounds "9"]

1. e4 c5 2. Nf3 e6 3. d4 cxd4 4. Nxd4 Nc6 5. Nc3 Qc7 6. Be2 Nf6 7. O-O Be7 8.
Ndb5 Qb8 9. Be3 O-O 10. f4 d6 11. Nd4 a6 12. Nxc6 bxc6 13. Rb1 Qc7 14. Qe1 d5
15. e5 Nd7 16. Nd1 c5 17. c3 Bb7 18. Bd3 Rad8 19. Qg3 f5 20. Qh3 Qc6 21. c4 Nb6
22. cxd5 Qxd5 23. Be2 Qxa2 24. Nc3 Qb3 25. g4 Nc4 26. gxf5 Rxf5 27. Bd1 Qb4 28.
Bc1 Nd2 29. Bc2 Qd4+ 30. Rf2 Nf3+ 31. Kf1 Qc4+ 32. Re2 Nd2+ 33. Kg1 Nxb1 34.
Bxb1 Rd1+ 35. Kf2 Rxf4+ 0-1

[Event "Skopje MKD"]
[Site "Skopje MKD"]
[Date "2014.04.01"]
[Round "5.60"]
[White "Tesik, Csaba"]
[Black "Alishani, Ibrahim"]
[Result "1-0"]
[WhiteElo "2344"]
[BlackElo "2110"]
[PlyCount "84"]
[EventDate "2014.03.29"]
[EventType "swiss"]
[EventRounds "9"]

1. e4 c5 2. Nf3 d6 3. d4 cxd4 4. Nxd4 Nf6 5. Nc3 a6 6. Bg5 e6 7. f4 Be7 8. Qf3
Qc7 9. O-O-O O-O 10. Bd3 Nbd7 11. g4 b5 12. Bh4 b4 13. Nce2 Nc5 14. g5 Nxd3+
15. Qxd3 Nd7 16. f5 Nc5 17. Qe3 e5 18. Nb3 Re8 19. Kb1 Bb7 20. f6 Bf8 21. fxg7
Bxg7 22. Ng3 Rac8 23. Rd2 a5 24. Rhd1 Ne6 25. Nh5 a4 26. Nc1 Qc4 27. Re1 a3 28.
Nf6+ Bxf6 29. gxf6 axb2 30. Nb3 Kh8 31. Na5 Qc7 32. Nxb7 Qxb7 33. Rg1 Rg8 34.
Rxg8+ Rxg8 35. Rxd6 Nd4 36. Bg3 Nxc2 37. Qd3 Na3+ 38. Kxb2 Qc7 39. Kb3 Rc8 40.
Rd7 Qb6 41. Bxe5 Nb5 42. Rxf7 Qa5 1-0

[Event "Skopje MKD"]
[Site "Skopje MKD"]
[Date "2014.04.01"]
[Round "5.61"]
[White "Vucinic, Gojko"]
[Black "Percivaldi, Martin"]
[Result "1-0"]
[WhiteElo "2343"]
[BlackElo "2109"]
[PlyCount "85"]
[EventDate "2014.03.29"]
[EventType "swiss"]
[EventRounds "9"]

1. e4 e6 2. d4 d5 3. Nc3 Bb4 4. e5 c5 5. a3 Bxc3+ 6. bxc3 Qa5 7. Bd2 Qa4 8. Qg4
Kf8 9. Qd1 b6 10. Nf3 Ba6 11. Bxa6 Nxa6 12. O-O h6 13. Qe2 Ne7 14. dxc5 Nxc5
15. Nd4 Nc6 16. Nxc6 Qxc6 17. c4 dxc4 18. Qxc4 Qd5 19. Qe2 Ke7 20. Rad1 Qe4 21.
Be3 Qa4 22. Rd4 Qxa3 23. Qg4 Rhd8 24. Qxg7 Rxd4 25. Qf6+ Ke8 26. Bxd4 Nd7 27.
Qxh6 Qe7 28. Rd1 Kd8 29. Qh8+ Qe8 30. Qh4+ Kc7 31. Be3 Rd8 32. Bg5 Rc8 33. Qd4
Nc5 34. h4 Qh8 35. Be7 Kb7 36. Qf4 Qh5 37. g4 Qg6 38. Qf3+ Ka6 39. c4 Qc2 40.
Bxc5 Rxc5 41. Ra1+ Ra5 42. Rxa5+ Kxa5 43. Qa3+ 1-0

[Event "Skopje MKD"]
[Site "Skopje MKD"]
[Date "2014.04.01"]
[Round "5.62"]
[White "Basso, Pier Luigi"]
[Black "Stosevski, Ilja"]
[Result "1-0"]
[WhiteElo "2304"]
[BlackElo "2108"]
[PlyCount "65"]
[EventDate "2014.03.29"]
[EventType "swiss"]
[EventRounds "9"]

1. b3 g6 2. Bb2 Nf6 3. Bxf6 exf6 4. c4 f5 5. Nc3 Bg7 6. Rc1 c6 7. g3 O-O 8. Bg2
d6 9. e3 Nd7 10. Nge2 Ne5 11. d4 Nd7 12. O-O Nf6 13. b4 h5 14. b5 Bd7 15. Qa4
Qe8 16. Qa3 Qe7 17. Rb1 h4 18. bxc6 Bxc6 19. d5 Be8 20. c5 dxc5 21. d6 Qxd6 22.
Rfd1 Qe5 23. Rxb7 h3 24. Bh1 Bh6 25. Nf4 Ne4 26. Ncd5 Bxf4 27. exf4 Qh8 28.
Bxe4 fxe4 29. Qxc5 Ba4 30. Ne7+ Kh7 31. Nxg6 Rad8 32. Nxf8+ Qxf8 33. Qh5+ 1-0

[Event "Skopje MKD"]
[Site "Skopje MKD"]
[Date "2014.04.01"]
[Round "5.63"]
[White "Piasetski, Leon David"]
[Black "Saracy, Nderim"]
[Result "1-0"]
[WhiteElo "2293"]
[BlackElo "2090"]
[PlyCount "83"]
[EventDate "2014.03.29"]
[EventType "swiss"]
[EventRounds "9"]

1. c4 Nf6 2. Nc3 g6 3. e4 d6 4. d4 Bg7 5. Nf3 O-O 6. h3 e5 7. d5 Nbd7 8. Be3
Nc5 9. Nd2 a5 10. g4 Bd7 11. Be2 Ne8 12. Nb3 b6 13. h4 f5 14. exf5 gxf5 15. g5
f4 16. Bxc5 dxc5 17. Nd2 Nd6 18. Nde4 f3 19. Bd3 Rf4 20. Qc2 Nf5 21. O-O-O Nd4
22. Qd2 a4 23. Rdg1 a3 24. b3 Bf5 25. h5 Kh8 26. Qe3 Qe8 27. h6 Bf8 28. Nf6 Qg6
29. Bxf5 Rxf5 30. Nfe4 Be7 31. Rg4 Raf8 32. Kd2 Rf4 33. Rhg1 Nf5 34. Rxf4 Nxe3
35. Rxf8+ Bxf8 36. Kxe3 Bxh6 37. Nb5 Bf8 38. Nxc7 h5 39. Ne6 Be7 40. Kxf3 Kh7
41. Nf6+ Bxf6 42. Nf8+ 1-0

[Event "Skopje MKD"]
[Site "Skopje MKD"]
[Date "2014.04.01"]
[Round "5.64"]
[White "Piskur, Mitja"]
[Black "Hadzi Manev, Ljubomir"]
[Result "0-1"]
[WhiteElo "2285"]
[BlackElo "2034"]
[PlyCount "88"]
[EventDate "2014.03.29"]
[EventType "swiss"]
[EventRounds "9"]

1. Nf3 d5 2. d4 c5 3. e3 Nf6 4. dxc5 e6 5. a3 Bxc5 6. b4 Bd6 7. Bb2 O-O 8. Nbd2
a5 9. b5 Nbd7 10. c4 Nc5 11. Qc2 b6 12. Ng5 Re8 13. Rd1 h6 14. Ngf3 Bb7 15. Nd4
Rc8 16. Nc6 Rxc6 17. bxc6 Bxc6 18. Qb1 Na4 19. Ba1 Bxa3 20. Qb3 Bb4 21. f3 Nc5
22. Qa2 Ba4 23. Rb1 dxc4 24. Rxb4 axb4 25. Nxc4 Qd1+ 26. Kf2 Bb3 27. Qa7 Bxc4
28. Bxf6 gxf6 29. Qxb6 Qd2+ 30. Kg3 Bxf1 31. Rxf1 Qxe3 32. Qxb4 Qg5+ 33. Kh3
Nd3 34. Qg4 h5 35. Qxg5+ fxg5 36. Rb1 Rc8 37. Kg3 Rc4 38. h3 h4+ 39. Kh2 Rc2
40. Rb5 f6 41. Rb6 Nf4 42. Kh1 Kf7 43. Rb7+ Kg6 44. Rb8 Nxg2 0-1

[Event "Skopje MKD"]
[Site "Skopje MKD"]
[Date "2014.04.01"]
[Round "5.65"]
[White "Kokol, Peter"]
[Black "Orehek, Spela"]
[Result "1-0"]
[WhiteElo "2271"]
[BlackElo "2018"]
[PlyCount "85"]
[EventDate "2014.03.29"]
[EventType "swiss"]
[EventRounds "9"]

1. Nf3 d6 2. d4 g6 3. e4 Nf6 4. Bd3 Bg7 5. h3 c5 6. c3 cxd4 7. cxd4 O-O 8. O-O
Nc6 9. Nc3 a6 10. Be3 b5 11. Rc1 e6 12. Bg5 Qb6 13. d5 Ne5 14. Nxe5 dxe5 15.
Be3 Qa5 16. Bc5 Rd8 17. b4 Qc7 18. d6 Qb7 19. f4 Ne8 20. Bb1 exf4 21. e5 Bxe5
22. Be4 Qb8 23. Bxa8 Qxa8 24. Qe2 Bxd6 25. Bxd6 Nxd6 26. Rxf4 Qa7+ 27. Kh1 Nf5
28. Qe5 Bb7 29. Rd1 Qb6 30. Kh2 Rxd1 31. Nxd1 Qc6 32. Rf2 f6 33. Qb8+ Kg7 34.
Nb2 Qd5 35. Nd3 Qxd3 36. Qxb7+ Kh6 37. Qf3 Qd4 38. g4 Nd6 39. Qxf6 Qxb4 40.
Qf8+ Kg5 41. h4+ Kxh4 42. Qf6+ Kxg4 43. Rg2+ 1-0

[Event "Skopje MKD"]
[Site "Skopje MKD"]
[Date "2014.04.01"]
[Round "5.66"]
[White "Grigoriadis, Alexandros"]
[Black "Graeffe, Petri"]
[Result "1-0"]
[WhiteElo "2255"]
[BlackElo "1996"]
[PlyCount "87"]
[EventDate "2014.03.29"]
[EventType "swiss"]
[EventRounds "9"]

1. c4 Nf6 2. Nf3 e6 3. g3 d5 4. Bg2 Be7 5. O-O O-O 6. b3 c5 7. Bb2 Nc6 8. cxd5
exd5 9. d4 Re8 10. dxc5 Bxc5 11. Nc3 Bg4 12. Na4 Bf8 13. Rc1 Ne4 14. Nd4 Nxd4
15. Bxd4 b5 16. Nb2 Bxe2 17. Qxe2 Nxg3 18. Qxe8 Qxe8 19. hxg3 a5 20. Rfe1 Qd7
21. Nd3 a4 22. Nf4 axb3 23. axb3 Rd8 24. Re5 Rc8 25. Rxc8 Qxc8 26. Nxd5 Qc1+
27. Bf1 f6 28. Re3 Kf7 29. Nc3 b4 30. Nb5 Bc5 31. Bxc5 Qxc5 32. Bc4+ Kg6 33.
Re4 h5 34. Nd4 Kh6 35. Ne6 Qf5 36. Rd4 g5 37. Rd8 Qb1+ 38. Kh2 Qe1 39. Rh8+ Kg6
40. Kg2 h4 41. g4 Qe4+ 42. f3 Qc2+ 43. Kh3 Qf2 44. Nf8+ 1-0

[Event "Skopje MKD"]
[Site "Skopje MKD"]
[Date "2014.04.01"]
[Round "5.67"]
[White "Dimov, Daniel"]
[Black "Jovanovic, Bojan P"]
[Result "0-1"]
[WhiteElo "1997"]
[BlackElo "2254"]
[PlyCount "48"]
[EventDate "2014.03.29"]
[EventType "swiss"]
[EventRounds "9"]

1. e4 c5 2. Nf3 e6 3. d4 cxd4 4. Nxd4 a6 5. Nc3 Qc7 6. Be2 Nf6 7. a3 Nc6 8. Nb3
b5 9. Be3 Bb7 10. O-O Ne5 11. f3 Be7 12. Qd4 O-O 13. Rad1 Rac8 14. Bf4 d6 15.
Rd2 Nc4 16. Bxc4 e5 17. Bxf7+ Rxf7 18. Bxe5 dxe5 19. Qe3 Nd7 20. Nd5 Bxd5 21.
Rxd5 Nb6 22. Rdd1 Nc4 23. Qc3 a5 24. Nc1 Ne3 0-1

[Event "Skopje MKD"]
[Site "Skopje MKD"]
[Date "2014.04.01"]
[Round "5.68"]
[White "Sorgic, Dragan"]
[Black "Becker, Carsten"]
[Result "1-0"]
[WhiteElo "2244"]
[BlackElo "1986"]
[PlyCount "55"]
[EventDate "2014.03.29"]
[EventType "swiss"]
[EventRounds "9"]

1. e4 c5 2. Nf3 Nc6 3. d4 Nxd4 4. Nxd4 cxd4 5. Qxd4 d6 6. Nc3 Bd7 7. Bg5 Qa5 8.
f4 Rc8 9. O-O-O Qc5 10. e5 h6 11. Bh4 Qxd4 12. Rxd4 g5 13. Bf2 Bg7 14. Rb4 gxf4
15. exd6 Bxc3 16. bxc3 b6 17. dxe7 Nxe7 18. Ba6 Rc6 19. Rd1 Bg4 20. Rd2 O-O 21.
Rxf4 Be6 22. Kb2 Nd5 23. Rf3 b5 24. Bb7 b4 25. c4 Nb6 26. Bxc6 Nxc4+ 27. Kc1
Nxd2 28. Kxd2 1-0

[Event "Skopje MKD"]
[Site "Skopje MKD"]
[Date "2014.04.01"]
[Round "5.69"]
[White "Makoli, Perparim"]
[Black "Lazov, Toni"]
[Result "1-0"]
[WhiteElo "2242"]
[BlackElo "1965"]
[PlyCount "50"]
[EventDate "2014.03.29"]
[EventType "swiss"]
[EventRounds "9"]

1. e4 c5 2. Nf3 d6 3. c3 Nf6 4. Bc4 Nc6 5. Qe2 e6 6. d4 d5 7. exd5 Nxd5 8. Bg5
f6 9. Bd2 cxd4 10. cxd4 Be7 11. Nc3 O-O 12. O-O Kh8 13. a3 Re8 14. Rfe1 Nb6 15.
Bb5 Bd7 16. Bd3 f5 17. Rad1 Bf6 18. Nb5 Qb8 19. Ne5 a6 20. Nd6 Nxd4 21. Qe3 Nd5
22. Ndf7+ Kg8 23. Qxd4 Re7 24. Ng5 h6 25. Ngf3 g5 1-0

[Event "Skopje MKD"]
[Site "Skopje MKD"]
[Date "2014.04.01"]
[Round "5.70"]
[White "Grigoriadis, Mihail"]
[Black "Berisha, Enver"]
[Result "1-0"]
[WhiteElo "1940"]
[BlackElo "2236"]
[PlyCount "79"]
[EventDate "2014.03.29"]
[EventType "swiss"]
[EventRounds "9"]

1. e4 c5 2. Nf3 d6 3. d4 cxd4 4. Qxd4 Nc6 5. Bb5 e5 6. Qd3 a6 7. Ba4 h6 8. Nc3
Nf6 9. O-O Bd7 10. Nd5 Nxd5 11. exd5 Ne7 12. Bxd7+ Qxd7 13. Nd2 Rc8 14. c4 Ng6
15. Ne4 f5 16. Ng3 e4 17. Qe2 Ne5 18. Bf4 g6 19. Bxe5 dxe5 20. f3 e3 21. Kh1 f4
22. Ne4 Be7 23. d6 Bd8 24. b4 O-O 25. c5 Rf5 26. a4 Rh5 27. b5 Bh4 28. bxa6
bxa6 29. Qxa6 Rf8 30. Qc4+ Kg7 31. c6 Qf5 32. Kg1 Bf2+ 33. Nxf2 exf2+ 34. Rxf2
Qf6 35. c7 e4 36. Rc1 e3 37. Re2 Qf5 38. Qd4+ Qe5 39. Qxe5+ Rxe5 40. d7 1-0

[Event "Skopje MKD"]
[Site "Skopje MKD"]
[Date "2014.04.01"]
[Round "5.71"]
[White "Jefic, Srdjan"]
[Black "Serefidou, Despina"]
[Result "0-1"]
[WhiteElo "2214"]
[BlackElo "1916"]
[PlyCount "78"]
[EventDate "2014.03.29"]
[EventType "swiss"]
[EventRounds "9"]

1. e4 c5 2. Nc3 d6 3. f4 Nc6 4. Nf3 g6 5. d3 Bg7 6. g3 e6 7. Bg2 Nge7 8. O-O
O-O 9. h3 Rb8 10. Ne2 Nd4 11. c3 Nxe2+ 12. Qxe2 Nc6 13. Be3 b5 14. e5 Ne7 15.
exd6 Qxd6 16. Qf2 Qc7 17. Bxc5 a6 18. Ne5 Bb7 19. Ba7 Ra8 20. Bb6 Qc8 21. Bc5
Bxg2 22. Kxg2 Qb7+ 23. Kh2 Rac8 24. Rae1 Rfd8 25. Bxe7 Qxe7 26. d4 b4 27. Re3
Rc7 28. Qd2 Qd6 29. Rd3 Bxe5 30. fxe5 Qd5 31. Ra1 Rdc8 32. h4 h5 33. a3 bxc3
34. Rxc3 Rxc3 35. bxc3 Qb3 36. Rc1 Rc4 37. Rc2 Qxa3 38. Qd3 Qb3 39. Qd2 a5 0-1

[Event "Skopje MKD"]
[Site "Skopje MKD"]
[Date "2014.04.01"]
[Round "5.72"]
[White "Dragnev, Valentin"]
[Black "Batkoski, Nenad"]
[Result "1-0"]
[WhiteElo "2205"]
[BlackElo "1897"]
[PlyCount "42"]
[EventDate "2014.03.29"]
[EventType "swiss"]
[EventRounds "9"]

1. e4 e6 2. d3 c6 3. Nf3 d5 4. Nbd2 Nf6 5. g3 dxe4 6. dxe4 Bc5 7. Bg2 b6 8. O-O
Ba6 9. c4 O-O 10. b3 b5 11. b4 Bd4 12. Nxd4 Qxd4 13. Nb3 Qxd1 14. Rxd1 bxc4 15.
Nc5 Bc8 16. Be3 Ng4 17. Bd4 e5 18. Bc3 f6 19. Bf1 Kf7 20. Bxc4+ Ke7 21. Rac1
Nh6 1-0